000 00709nam a2200205 i 4500
001 145670
003 ES-MaACL
005 20250818063102.0
007 t|
008 071015s1971 sp ||||1| spa d
100 1 _aVerneaux, Roger,
_d1906-1997
_9114166
245 1 0 _aLecciones sobre el ateismo contemporaneo /
_cRoger Verneaux ; versión de Jacinto-Luis Guereña.
260 _a[Madrid] :
_bGredos,
_c[1971]
300 _a148 p. ;
_c19 cm.
490 1 _aBiblioteca hispánica de filosofía ;
_v66
700 0 _aGuereña, Jacinto Luis,
_d1915-2007
_960460
830 0 _aBiblioteca hispánica de filosofía ;
_v66
_9181000
852 _aES-MaACL
_jC-50084
_bR.76916
999 _c145670
_d145670